000 01218nam0a2200313 4500
001 RU\NLR\bibl\430640
005 20260407074735.0
021 _aRU
_b2003-6578п
_9263
035 _a(NLR Aleph) 000424500
090 _a715835
_c715835
100 _a20030822d2003 |||y0rusy50 ca
101 0 _arus
102 _aRU
105 _ay |||||||||
200 1 _aVIII Конгресс педиатров России "Современные проблемы профилактической педиатрии" (18-21 февраля 2003 года)
210 _aМ.
_cБ.и.
_d2003
215 _a54,[1] с.
_d29
225 1 _aПрава ребенка
_eМеждисциплинар. науч.-практ. журн.
_vN 1(8)
320 _aБиблиогр.: с.53-55
606 0 _aДети
_jСъезды, совещания и т.п.
_xОхрана здоровья
_9939069
_3RU\NLR\auth\66347186
686 _aР11(2)44я431
686 _aР73я431
710 1 2 _aКонгресс педиатров России
_d8
_f2003
_eМосква
_3RU\NLR\AUTH\8810038825
_9576536
801 0 _aRU
_bNLR
_c20030822
_gPSBO
801 1 _aRU
_bNLR
_c20030822
852 _aNLR
_jП23/4278
942 _cBOOK
980 _aNB